000 00921nam a2200289Ia 4500
003 OSt
005 20221006160035.0
006 a|||||r|||| 00| 0
007 ta
008 221006b |||||||| |||| 00| 0 eng d
020 _a9788991913356
024 _a44,133
037 _bGift, Korean Embassy (Window of Korea)
_cTextual
040 _aEASL
_cEASL
_beng
041 _2eng
_aeng
082 _aNW495w, P8
100 _aKim Young-jin
_9671633
245 0 _aFour rookie directors(Jang Joon-hwan,Jung ji-woo,Kim tae-yong,Zhang lu)
260 _aSeoul
_bSeoul Selection Korea
_c2008
300 _a250p.
_ccm.
490 _v KEL
_aKorean Films Directors
650 _aKEL
700 _a Jung Ji-youn
_9671634
700 _a Mouat Colin A
_9671635
942 _hNW495w, P8
_cTEXL
_2CC
999 _c1112225
_d1112225